000 00360nam a2200145Ia 4500
008 230312s9999||||xx |||||||||||||| ||und||
020 _a81-317-1100-5
082 _a306
_bKRA-H
100 _aKraidy;Marwan.M
245 0 _aHybridity or the cultural ligic of globalization
260 _bTemple
_aindia
_c2005
300 _a226
650 _aMass com
942 _cBK
999 _c1024
_d1024